Pays Champions du Monde de Basket Hommes (Mort subite) - Statistiques

Statistiques générales
  • Ce quiz a été pris 690 fois
  • Le résultat moyen est 3 sur 7
Answers on the Grid
Answers color-coded by a green-red scale on the quiz's grid according to % correct below.
Etats-Unis
Yougoslavie (+ RF Yougoslavie)
URSS
Brésil
Espagne
Argentine
Allemagne
Grèce
Turquie
Russie
Chili
Serbie
France
Canada
Croatie
Chine
Lituanie
Australie
Italie
Tchécoslovaquie
 
Statistiques - réponses
Réponse % Correct
Etats-Unis
73%
Allemagne
43%
Espagne
43%
Yougoslavie (+ RF Yougoslavie)
42%
URSS
38%
Argentine
24%
Brésil
13%
Aucun quiz correspondant
Distribution des résultats
% des personnes avec chaque résultat
Percentile par nombre de réponses
Votre historique - résultats
Vous n’avez pas pris ce quiz